Loading...
| Science - Biology | 0 | 5 | 1 | 2 | 45 | 46 | 89.60 | 1 | 5 | 11.12 | 27.50 |
| Literature - British | 0 | 4 | 0 | 0 | 40 | 108 | 120.50 | 0 | 1 | 4.97 | 12.50 |
| Science - Physics | 0 | 3 | 1 | 2 | 25 | 75 | 104.67 | 0 | 2 | 3.18 | 10.00 |
| Literature - World | 0 | 2 | 0 | 1 | 20 | 109 | 121.00 | 0 | 1 | 2.40 | 7.50 |
| Mythology | 0 | 2 | 0 | 0 | 20 | 72 | 92.00 | 1 | 2 | 5.73 | 12.50 |
| Science - Other | 0 | 2 | 1 | 0 | 15 | 75 | 90.00 | 0 | 2 | 5.27 | 10.00 |
| Fine Arts - Classical Music | 0 | 2 | 1 | 1 | 15 | 115 | 119.50 | 0 | 1 | 1.15 | 5.00 |
| Geography | 0 | 1 | 0 | 1 | 10 | 124 | 124.00 | 1 | 1 | 0.00 | 12.50 |
| Science - Chemistry | 0 | 1 | 0 | 0 | 10 | 76 | 76.00 | 0 | 1 | 2.90 | 7.50 |
| Literature - American | 0 | 1 | 0 | 0 | 10 | 134 | 134.00 | 0 | 0 | 0.50 | 2.50 |
| Religion | 0 | 1 | 0 | 1 | 10 | 119 | 119.00 | 0 | 1 | 0.00 | 2.50 |
| History - American | 0 | 1 | 0 | 0 | 10 | 75 | 75.00 | 0 | 0 | 3.64 | 2.50 |
| Fine Arts - Painting and Sculpture | 0 | 0 | 0 | 0 | 0 | 0.00 | 0 | 0 | 0.00 | 0.00 |